000 01843cam a22004454i 4500
003 PE-LiUPU
005 20250731173212.0
008 1930----1930 xx a rb 000 0 eng d
035 _aPE-LiUPU20250709C
040 _aPE-LiUPU
_beng
_cPE-LiUPU
_erda
041 0 _aeng
082 0 4 _a226.4
_bR649w
_223
100 1 _aRobertson, A.T.
_eautor.
_q(Archibald Thomas),
_91438
245 1 0 _aWord pictures in the New Testament
_nVolume II :
_pThe Gospel according to Luke /
_cpor Archibald Thomas Robertson.
264 1 _aNew York ;
_aLondon :
_bHarper & Brothers Publishers,
_c1930.
300 _a298 páginas ;
_c22 cm
336 _atext
_2rdacontent
337 _aunmediated
_2rdamedia
338 _avolume
_2rdacarrier
500 _aComentario exegético sobre el evangelio de Lucas.
504 _aIncluye referencias bíblicas y notas al pie.
505 0 _aChapter I -- Chapter II -- Chapter III -- Chapter IV -- Chapter V -- Chapter VI -- Chapter VII -- Chapter VIII -- Chapter IX -- Chapter X -- Chapter XI -- Chapter XII -- Chapter XIII -- Chapter XIV -- Chapter XV -- Chapter XVI -- Chapter XVII -- Chapter XVIII -- Chapter XIX -- Chapter XX -- Chapter XXI -- Chapter XXII -- Chapter XXIII -- Chapter XXIV.
526 _aSEG42
526 _aSEG41
526 _aSEG40
526 _aSEG39
526 _aP94
526 _aP87
526 _aP86
526 _aP85
526 _aP77
526 _aP76
526 _aP35
630 1 4 _aBiblia.
_pLucas
_xCrítica, interpretación, etc.
_91166
830 0 _aWord Pictures in the New Testament ;
_vv.2.
856 4 0 _uhttps://archive.org/details/wordpicturesinne02robeuoft
_zConsulta en línea (versión pública).
942 _2ddc
_cBK
980 _81
_gALBERTO SANCHEZ Responsable de Automatización
999 _c40142
_d40142